The Traitors (UK) - Statistics

General Stats
  • This quiz has been taken 210 times
  • The average score is 13 of 16
Answer Stats
Question Answer % Correct
What are the contestants who aren't traitors called? Faithful
97%
In which part of the UK is the castle where the show is filmed? Scotland
94%
Who hosts the show? Claudia Winkleman
92%
In series 3, Charlotte pretended to speak with which accent? Welsh
87%
Which traitor won series 2? Harry
85%
What gives a player immunity from being murdered? Shield
85%
Where do the contestants discuss and vote for someone to be banished? Round Table
82%
Complete this quote from series 2: "Paul just couldn't be my son. But ____ is." Ross
80%
Name one of the two Faithful who won series 3 Leanne | Jake
79%
What is the name of the spin-off show which is aired after each episode on BBC 2? The Traitors: {Uncloaked}
79%
Which traitor came closest to winning the prize fund in series 1? Wilf
79%
Name one of the three contestants who won series one. Aaron | Hannah | Meryl
75%
Midway through series 3, Lisa revealed to her fellow contestants that she had what profession? Priest
75%
In series 2, Diane was murdered in plain sight by giving here a poisoned what? Chalice
74%
Who presents this spin-off show? Ed Gamble
64%
In each of the first three series, what was the maximum amount that could be added to the prize fund? £120,000
53%
No matching quizzes found
Score Distribution
Percent of People with Each Score
Percentile by Number Answered
Your Score History
You have not taken this quiz